| 000 | 00475nam a22001691a 4500 | ||
|---|---|---|---|
| 001 | 10556 | ||
| 003 | OSt | ||
| 005 | 20260204212204.0 | ||
| 008 | 090610s200.||||dr ||||||b||||||||||spa|| | ||
| 050 | _aRD 923.729367 H43d | ||
| 100 | _aHernández Flores, Ismael | ||
| 245 | _aEl proyecto de constitución Duarte / Ismael Hernández Flores | ||
| 264 | _aSanto Domingo : [s.n.] | ||
| 300 | _a32 p | ||
| 650 | _aDuarte - Historia de la República DominicanaÌ | ||
| 942 |
_2ddc _cBK |
||
| 999 |
_c10556 _d10556 |
||